[Event "Gibraltar Masters 2017"]
[Site "masterchessopen.com Caleta ENG"]
[Date "2017.02.01"]
[Round "9.47"]
[White "Kantans,T"]
[Black "Rakesh,Kumar Jena"]
[Result "1-0"]
[WhiteElo "2456"]
[BlackElo "2335"]

1. Nf3 c5 2. g3 d5 3. Bg2 Nc6 4. d4 Nf6 5. O-O Bg4 6. Ne5 cxd4 7. Nxg4 Nxg4 8.
e4 Nf6 9. exd5 Nxd5 10. c3 e6 11. cxd4 Be7 12. Nc3 O-O 13. Nxd5 exd5 14. Be3
Bf6 15. Qd3 Qb6 16. Rac1 Rfe8 17. Rc5 Qxb2 18. Rb1 Nb4 19. Qd1 Qa3 20. Rb3 Qa4
21. Qb1 a5 22. a3 b6 23. Rc1 Na6 24. Bxd5 Rec8 25. Rxc8+ Rxc8 26. Bb7 {#r} 1-0

[Event "PRO League Central 2017"]
[Site "masterchessopen.com chess.com INT"]
[Date "2017.02.01"]
[Round "4"]
[White "Bomo,K"]
[Black "Meier,Geo"]
[Result "0-1"]
[WhiteElo "2339"]
[BlackElo "2630"]

1. c4 b6 2. Nc3 Bb7 3. e4 e5 4. g3 Nc6 5. Bg2 Bc5 6. Nge2 Nge7 7. O-O d6 8. a3
a5 9. d3 Qd7 10. Na4 O-O 11. Kh1 Nd4 {#R} 0-1

[Event "Gibraltar Masters 2017"]
[Site "masterchessopen.com Caleta ENG"]
[Date "2017.01.31"]
[Round "8.22"]
[White "Debashis,D"]
[Black "Lagarde,Max"]
[Result "0-1"]
[WhiteElo "2472"]
[BlackElo "2594"]

1. Nf3 Nf6 2. c4 g6 3. b3 Bg7 4. Bb2 O-O 5. g3 c6 6. Bg2 d5 7. O-O Re8 8. d4
Ne4 9. e3 a5 10. Nc3 Bf5 11. Qe2 Nxc3 12. Bxc3 Be4 13. Bh3 Bxf3 14. Qxf3 e6
15. Qe2 Nd7 16. Bg2 f5 17. Rfc1 Nf6 18. Rab1 Bf8 19. Rc2 Ra7 20. Bd2 Bb4 21.
Bc1 Bd6 22. Qd3 g5 23. cxd5 cxd5 24. Bd2 Qd7 25. h3 b5 26. Qe2 h5 27. Be1 g4
28. h4 Ne4 29. Bf1 Rb8 30. Kg2 Bb4 31. Rbc1 Ba3 32. Rd1 Rc7 33. Kg1 Qc8 34.
Rxc7 Qxc7 35. Bg2 Be7 36. Bxe4 fxe4 37. Rd2 Qb7 38. Rc2 b4 39. Qd1 Bd6 40. Qc1
Rf8 41. Rc6 Qd7 42. Qc2 Ra8 43. Kg2 Kf7 44. Bd2 Ke7 45. Bc1 Qb7 46. a3 Kd7 47.
Rc5 Bxc5 48. dxc5 e5 {#R} 0-1

[Event "PRO League Atlantic 2017"]
[Site "masterchessopen.com chess.com INT"]
[Date "2017.02.01"]
[Round "4"]
[White "Cheng,Bi"]
[Black "Kumar,Aravind"]
[Result "1-0"]
[WhiteElo "2397"]
[BlackElo "2209"]

1. Nf3 d5 2. c4 c6 3. g3 Nf6 4. Bg2 Bg4 5. Ne5 Be6 6. cxd5 Bxd5 7. Nf3 e5 8.
Nc3 e4 9. Nh4 Qd7 10. d3 exd3 11. Nxd5 cxd5 12. Qxd3 Bb4+ 13. Bd2 Bxd2+ 14.
Qxd2 Nc6 15. O-O O-O 16. Rac1 Rfe8 17. Rfd1 Rad8 18. b4 Ne4 19. Qb2 Qe7 20. b5
Ne5 21. Qd4 a6 22. bxa6 bxa6 23. Bxe4 dxe4 24. Qxe4 Rxd1+ 25. Rxd1 g6 26. Qa4
Qe6 27. Ng2 Qc6 28. Qxc6 Nxc6 29. Ne3 Re6 30. Kf1 Kf8 31. Rd7 Ne5 32. Ra7 Rd6
33. f4 Nd7 34. Ke1 Nc5 35. Nc4 Rd4 36. Ne5 f6 37. Rf7+ Kg8 38. Rxf6 Ra4 39.
Rc6 Ne4 40. Rc4 {#r} 1-0

[Event "PRO League Pacific 2017"]
[Site "masterchessopen.com chess.com INT"]
[Date "2017.02.01"]
[Round "4"]
[White "Boros,De"]
[Black "Petesch,Gabriel N"]
[Result "1-0"]
[WhiteElo "2444"]
[BlackElo "2260"]

1. c4 c6 2. Nf3 Nf6 3. e3 d5 4. Nc3 g6 5. Be2 Bg7 6. O-O O-O 7. d4 a6 8. b3 b5
9. Bb2 Nbd7 10. a3 Re8 11. Rc1 Bb7 12. h3 Qb6 13. Ba1 Rad8 14. Qc2 Qa5 15. Bb2
e6 16. b4 Qb6 17. cxd5 exd5 18. Nd2 Qc7 19. Bf3 Nb6 20. e4 dxe4 21. Ncxe4 Nxe4
22. Nxe4 Nc4 23. Rfd1 Bc8 24. Nc5 Qf4 25. Bxc6 Nxb2 26. Qxb2 Rxd4 27. Qb3 Be5
28. g3 Qh6 29. Bxe8 {#r} 1-0

[Event "PRO League Pacific 2017"]
[Site "masterchessopen.com chess.com INT"]
[Date "2017.02.01"]
[Round "4"]
[White "Margvelashvili,G"]
[Black "Coleman,T"]
[Result "1-0"]
[WhiteElo "2530"]
[BlackElo "2385"]

1. Nf3 d5 2. g3 c6 3. c4 Nf6 4. Bg2 Bg4 5. Ne5 Bh5 6. cxd5 cxd5 7. Qa4+ Nc6 8.
Nxc6 Qd7 9. Nc3 bxc6 10. d3 e5 11. e4 d4 12. Nb1 Qb7 13. Qc2 Bb4+ 14. Nd2 Qa6
15. f3 O-O 16. O-O Nd7 17. Nc4 Rfe8 18. f4 Bg4 19. f5 Bh5 20. h3 f6 21. Qb3
Reb8 22. Nxe5+ {#r} 1-0

[Event "Gibraltar Masters 2017"]
[Site "masterchessopen.com Caleta ENG"]
[Date "2017.01.31"]
[Round "8.17"]
[White "Sethuraman,S"]
[Black "Dragnev,Valentin"]
[Result "1-0"]
[WhiteElo "2637"]
[BlackElo "2492"]

1. Nf3 d5 2. c4 e6 3. g3 dxc4 4. Bg2 Bd6 5. Na3 Bxa3 6. bxa3 Nc6 7. Bb2 Nf6 8.
Qc2 O-O 9. Ng5 Re8 10. f4 h6 11. Nf3 Qd5 12. Bxf6 gxf6 13. Ng5 Qd7 14. Qh7+
Kf8 15. Qxh6+ Ke7 16. Ne4 Qd4 17. Rc1 Rg8 18. e3 Qb2 19. Rc3 Rg6 20. Qh5 Qb6
21. Rxc4 Bd7 22. O-O Rag8 23. Rfc1 Qb2 24. Qc5+ {#r} 1-0

[Event "Gibraltar Masters 2017"]
[Site "masterchessopen.com Caleta ENG"]
[Date "2017.01.31"]
[Round "8.80"]
[White "Jessel,S"]
[Black "Derakhshani,Borna"]
[Result "1-0"]
[WhiteElo "2382"]
[BlackElo "2195"]

1. Nf3 Nf6 2. c4 e6 3. g3 d5 4. Bg2 dxc4 5. Qc2 Nbd7 6. Na3 Bxa3 7. bxa3 Nb6
8. Ne5 O-O 9. Bb2 Rb8 10. Rc1 Bd7 11. Nxc4 Bc6 12. Bxc6 bxc6 13. Ne5 Qd5 14.
O-O c5 15. Ba1 Nbd7 16. Nxd7 Nxd7 17. Qc3 f6 18. Qa5 Rb7 19. Qa4 Rfb8 20. Rfd1
e5 21. d3 Nf8 22. Qc4 Qxc4 23. Rxc4 Ne6 24. Kf1 Rb5 25. Rdc1 Ra5 26. R4c3 Rb6
27. e3 Rba6 28. Bb2 Rb6 29. Rb3 Ra4 30. Ke2 Kf7 31. h4 e4 32. dxe4 Rxe4 33.
Rc2 Ra4 34. Bc1 Ra5 35. Rc4 Rab5 36. Ra4 a6 37. Kd1 Nd8 38. Rc4 Nb7 39. Rbc3
Rc6 40. a4 Rd6+ 41. Kc2 Ra5 42. Rb3 Nd8 43. Bd2 {#r} 1-0

[Event "Gibraltar Masters 2017"]
[Site "masterchessopen.com Caleta ENG"]
[Date "2017.02.01"]
[Round "9.23"]
[White "Batsiashvili,N"]
[Black "Hou Yifan"]
[Result "0-1"]
[WhiteElo "2492"]
[BlackElo "2651"]

1. c4 e6 2. Nc3 b6 3. e4 Bb7 4. g3 Bb4 5. Bg2 Bxc3 6. bxc3 Ne7 7. Nh3 c5 8.
O-O Nbc6 9. d3 d6 10. f4 Qd7 11. Qh5 h6 12. Be3 g6 13. Qe2 f5 14. Nf2 Na5 15.
Rfe1 Rh7 16. Rad1 Qa4 17. d4 Qxc4 18. Qxc4 Nxc4 19. exf5 Nxf5 20. Bc1 Bxg2 21.
Kxg2 cxd4 22. cxd4 Kd7 23. d5 exd5 24. Rxd5 Re7 25. Rxe7+ Nxe7 26. Rd1 Rc8 27.
g4 Rc5 28. Re1 Ra5 29. Re2 Nd5 30. f5 gxf5 31. Bxh6 f4 32. Re4 Nce3+ 33. Kf3
Ra3 34. Bxf4 Nd1+ 35. Kg2 Nxf4+ 36. Rxf4 Rxa2 37. h4 Ke6 38. h5 Rxf2+ 39. Rxf2
Nxf2 40. h6 Nd3 {#R} 0-1

[Event "Gibraltar Masters 2017"]
[Site "masterchessopen.com Caleta ENG"]
[Date "2017.02.02"]
[Round "10.39"]
[White "Blomqvist,E"]
[Black "Tsolakidou,Stavroula"]
[Result "0-1"]
[WhiteElo "2574"]
[BlackElo "2387"]

1. Nf3 Nf6 2. c4 e6 3. g3 a6 4. Bg2 b5 5. b3 c5 6. Nc3 Qb6 7. e4 Bb7 8. e5 Ng4
9. O-O Nc6 10. Re1 Be7 11. h3 Nh6 12. d4 Nxd4 13. Bxh6 Nxf3+ 14. Bxf3 gxh6 15.
Bxb7 Qxb7 16. Ne4 O-O 17. Qg4+ Kh8 18. Qf4 Qc7 19. Nf6 Qd8 20. Nh5 Bg5 21. Qe4
f5 22. Qe2 f4 23. Rad1 fxg3 24. fxg3 Rf7 25. Rf1 Qg8 26. h4 Rxf1+ 27. Kxf1
Rf8+ 28. Kg2 Bxh4 29. Rxd7 Rf5 30. Rd3 Qg6 31. Kh3 Rxh5 32. g4 Rg5 33. Rd8+
Kg7 34. Rd7+ Kg8 35. Rd8+ Kg7 36. Rd7+ Kg8 37. Qf3 Qe8 38. Qc6 Qf8 39. Qxe6+
Kh8 40. Qf6+ Qxf6 41. exf6 Bf2 42. Ra7 bxc4 43. bxc4 Bd4 44. Rxa6 Rg6 45. a4
Rxf6 46. Rxf6 Bxf6 47. a5 Be5 48. Kg2 Kg7 49. Kf3 Kf6 50. Ke4 Ke6 {#R} 0-1

[Event "13th Moscow Open A 2017"]
[Site "masterchessopen.com Moscow RUS"]
[Date "2017.02.02"]
[Round "6.14"]
[White "Khismatullin,D"]
[Black "Usmanov,V"]
[Result "1-0"]
[WhiteElo "2639"]
[BlackElo "2432"]

1. c4 e6 2. Nf3 Nf6 3. g3 a6 4. Bg2 b5 5. b3 c5 6. O-O Bb7 7. Nc3 Qb6 8. e3
Be7 9. d4 Ne4 10. Bb2 O-O 11. Qc2 Nxc3 12. Bxc3 d6 13. dxc5 dxc5 14. Rad1 b4
15. Ba1 Bc6 16. h4 f6 17. h5 Qb7 18. Nh4 Bxg2 19. Nxg2 Nd7 20. Nf4 Qc6 21. h6
gxh6 22. Qe2 f5 23. e4 Bg5 24. exf5 Rxf5 25. Qxe6+ Qxe6 26. Nxe6 Nf8 27. Nc7
Ra7 28. Nd5 Nd7 29. f4 Bd8 30. Rfe1 Rf8 31. Re6 h5 32. Kg2 a5 33. Re2 Nf6 34.
Bxf6 Bxf6 35. Nxf6+ Rxf6 36. Rd5 h4 37. Rxc5 hxg3 38. Kxg3 Kf7 39. Ree5 a4 40.
Rb5 axb3 41. axb3 Ra1 42. Rf5 Rg1+ 43. Kf3 Rf1+ 44. Ke3 h5 45. Rxh5 R6xf4 46.
Rxb4 R1f3+ 47. Kd2 Rd4+ 48. Kc2 {#r} 1-0

[Event "22nd HIT Open 2017"]
[Site "masterchessopen.com Nova Gorica SLO"]
[Date "2017.02.01"]
[Round "8.6"]
[White "Tratar,M"]
[Black "Ceschia,I"]
[Result "1-0"]
[WhiteElo "2459"]
[BlackElo "2257"]

1. c4 e6 2. g3 f5 3. Bg2 Nf6 4. Nf3 c6 5. O-O d5 6. d3 Be7 7. Qc2 O-O 8. Nbd2
Qe8 9. b3 Qh5 10. Bb2 Nbd7 11. Rae1 g5 12. e4 dxe4 13. dxe4 f4 14. e5 Ne8 15.
Nd4 Ng7 16. f3 fxg3 17. hxg3 Nc5 18. b4 Na6 19. a3 c5 20. Nb5 cxb4 21. Nd6
bxa3 22. Bxa3 Bd7 23. f4 Bc6 24. N2e4 gxf4 25. gxf4 Qg6 26. Qd3 Nh5 27. Bc1
Kh8 28. Qh3 Ng7 29. Kh2 Nf5 30. Rg1 Qh6 31. Nxf5 Qxh3+ 32. Bxh3 exf5 33. Nd6
Rad8 34. Nxf5 Bc5 35. e6 Rxf5 36. Bxf5 Bxg1+ 37. Rxg1 {#r} 1-0

[Event "25th Fajr Open 2017"]
[Site "masterchessopen.com Sareyn IRI"]
[Date "2017.01.30"]
[Round "4.5"]
[White "Mousavi,Se"]
[Black "Javanbakht,N"]
[Result "1-0"]
[WhiteElo "2422"]
[BlackElo "2406"]

1. c4 e6 2. Nf3 Nf6 3. g3 d5 4. Bg2 d4 5. e3 c5 6. b4 Nc6 7. b5 Nb4 8. O-O
dxe3 9. fxe3 Nd3 10. Ba3 Be7 11. Nc3 a6 12. Ne1 axb5 13. Nxb5 O-O 14. Qe2 Nxe1
15. Rfxe1 Bd7 16. Bb2 Bc6 17. a4 Qd7 18. Red1 Rfc8 19. a5 Ra6 20. e4 Rca8 21.
Bc3 Bd8 22. d4 cxd4 23. Nxd4 Bxa5 24. Rxa5 Rxa5 25. Nxc6 Ra2 26. Rxd7 Rxe2 27.
Rxb7 Nxe4 28. Ba5 g5 29. Rb5 h6 30. Re5 f5 31. Rxe6 Kf7 32. Re5 Re8 33. Rxf5+
Kg6 34. Rb5 Nd2 35. Ne5+ Kf6 36. Ng4+ Kg6 37. Rb6+ Kg7 38. Bc3+ Kf8 39. Rf6+
Ke7 40. Bb4+ Kd8 41. Rd6+ {#r} 1-0

[Event "Dutch League 2016-17"]
[Site "masterchessopen.com Netherlands NED"]
[Date "2017.02.04"]
[Round "6.1"]
[White "Spoelman,W"]
[Black "Dambacher,M"]
[Result "1-0"]
[WhiteElo "2578"]
[BlackElo "2485"]

1. c4 e6 2. Nc3 f5 3. g3 Nf6 4. Bg2 d5 5. cxd5 exd5 6. e3 c6 7. Nge2 Bd6 8.
O-O O-O 9. b3 Qe7 10. Qc2 Na6 11. a3 Nc5 12. Bb2 Bd7 13. b4 Ne6 14. b5 d4 15.
Nxd4 Nxd4 16. exd4 f4 17. bxc6 bxc6 18. d5 Rac8 19. dxc6 Bxc6 20. Qb3+ Kh8 21.
Bxc6 Rxc6 22. Rae1 Qd7 23. Ne4 Nxe4 24. Rxe4 Bc5 25. d4 Qh3 26. dxc5 Rh6 27.
Bxg7+ Kxg7 28. Qb2+ Rff6 29. f3 fxg3 30. Rg4+ Rhg6 31. Rxg3 Rxg3+ 32. hxg3
Qxg3+ 33. Qg2 Qxg2+ 34. Kxg2 Rc6 35. Rc1 Kf6 36. f4 Ke6 37. Kf3 Kd5 38. Rd1+
Kxc5 39. f5 Rd6 40. Rc1+ Kd5 41. Kf4 Ra6 42. Rd1+ Kc4 43. Ke4 Rxa3 44. f6 Ra6
45. f7 {#r} 1-0

[Event "Gibraltar Masters 2017"]
[Site "masterchessopen.com Caleta ENG"]
[Date "2017.01.31"]
[Round "8.14"]
[White "Huzman,A"]
[Black "Howell,D"]
[Result "0-1"]
[WhiteElo "2557"]
[BlackElo "2655"]

1. Nf3 Nf6 2. c4 g6 3. b3 Bg7 4. Bb2 c5 5. g3 d6 6. Bg2 e5 7. O-O Nc6 8. Nc3
O-O 9. e3 Bf5 10. d3 Qd7 11. Ng5 Rab8 12. Nge4 Bh3 13. Nxf6+ Bxf6 14. Ne4 Bg7
15. Bxh3 Qxh3 16. Nxd6 f5 17. Qe2 a6 18. b4 f4 19. Rfd1 Nxb4 20. Ne4 b6 21.
Bc3 Nc6 22. Rab1 f3 23. Qf1 Qd7 24. h4 Bf6 25. Kh2 h5 26. Qh3 Qg4 27. Ba1 Bd8
28. Nc3 Rf7 29. Nd5 Rfb7 30. d4 exd4 31. Qxg4 hxg4 32. exd4 cxd4 33. Bxd4 b5
34. c5 g5 35. Ba1 gxh4 36. gxh4 Bxh4 37. Rg1 g3+ 38. Kh3 Rh7 39. Kg4 gxf2 40.
Rh1 Kf7 41. Nf6 Rg7+ 42. Kxh4 Ne7 43. Nh5 Nf5+ 44. Kh3 Rg5 45. Rhd1 Rbg8 46.
Rd7+ Ke6 47. Rh7 Rxh5+ {#R} 0-1

[Event "Gibraltar Masters 2017"]
[Site "masterchessopen.com Caleta ENG"]
[Date "2017.01.31"]
[Round "8.56"]
[White "Saravanan,V1"]
[Black "Liang,Awonder"]
[Result "1-0"]
[WhiteElo "2306"]
[BlackElo "2496"]

1. Nf3 Nf6 2. c4 b6 3. g3 Bb7 4. Bg2 g6 5. O-O Bg7 6. Nc3 O-O 7. Re1 Ne4 8.
Nxe4 Bxe4 9. d3 Bb7 10. d4 Be4 11. Bh3 e6 12. Ng5 Bb7 13. d5 exd5 14. cxd5 c5
15. Rb1 d6 16. Ne4 Re8 17. Bg2 Qe7 18. Bg5 f6 19. Bf4 Rd8 20. g4 Bc8 21. h3 h5
22. gxh5 g5 23. Bd2 Nd7 24. Ng3 Ne5 25. Qc2 Qf7 26. Kh2 g4 27. f4 gxf3 28.
exf3 Qxd5 29. h6 Bh8 30. Rxe5 dxe5 31. Qg6+ Kf8 32. f4 Qxd2 33. Qh7 exf4 34.
Qxh8+ Ke7 35. Qg7+ Ke6 36. Ne4 Qd4 37. Re1 f3 38. Bxf3 Bd7 39. Nc3+ Kd6 40.
Nb5+ {#r} 1-0

[Event "13th Moscow Open A 2017"]
[Site "masterchessopen.com Moscow RUS"]
[Date "2017.02.02"]
[Round "6.2"]
[White "Artemiev,V"]
[Black "Sviridov,Va"]
[Result "1-0"]
[WhiteElo "2655"]
[BlackElo "2515"]

1. Nf3 Nf6 2. c4 g6 3. b3 Bg7 4. Bb2 O-O 5. g3 d6 6. Bg2 e5 7. d3 Re8 8. O-O
Nc6 9. Nc3 h6 10. Nd2 Be6 11. a3 d5 12. cxd5 Nxd5 13. Nce4 b6 14. Rc1 Qd7 15.
b4 a6 16. Re1 Nde7 17. Qc2 Bd5 18. Nf1 f5 19. Ne3 Bf7 20. Nd2 Nd4 21. Qxc7
Qxc7 22. Rxc7 Rad8 23. Bxd4 exd4 24. Nec4 b5 25. Na5 Nd5 26. Bxd5 Rxd5 27. Rc6
Rd7 28. Kf1 Re6 29. Rec1 Rxc6 30. Rxc6 Bd5 31. Rxg6 Rc7 32. f4 {#r} 1-0

[Event "Portugal Open 2017"]
[Site "masterchessopen.com Lisbon POR"]
[Date "2017.02.04"]
[Round "2.28"]
[White "Martinez Lopez,J"]
[Black "Ozer,Omer Faruk"]
[Result "0-1"]
[WhiteElo "2041"]
[BlackElo "2344"]

1. Nf3 Nf6 2. c4 g6 3. b3 Bg7 4. Bb2 O-O 5. g3 d6 6. Bg2 e5 7. O-O Nc6 8. Nc3
Nh5 9. d4 Nxd4 10. Nxd4 exd4 {#R} 0-1

[Event "PRO League Central 2017"]
[Site "masterchessopen.com chess.com INT"]
[Date "2017.02.01"]
[Round "4"]
[White "Bomo,K"]
[Black "Agrest,I"]
[Result "0-1"]
[WhiteElo "2339"]
[BlackElo "2273"]

1. c4 Nf6 2. g3 g6 3. Bg2 Bg7 4. Nf3 O-O 5. O-O d6 6. Nc3 a6 7. d4 Nbd7 8. h3
Rb8 9. d5 c5 10. dxc6 bxc6 11. Nd4 Ne5 12. f4 Nxc4 13. Nxc6 Qb6+ 14. Kh2 Rb7
15. Qd3 d5 16. Nxd5 Nxd5 17. Qxc4 Ne3 18. Bxe3 Qxe3 19. Rf3 Qe6 20. Qxe6 Bxe6
21. Rb1 Rc8 22. Ra3 Bf6 23. Rxa6 Rd7 24. e4 Rd2 25. e5 Bd5 26. Rg1 Bxc6 27.
exf6 exf6 28. Kh1 Bxg2+ 29. Rxg2 Rc1+ 30. Kh2 Rdd1 31. g4 Kg7 32. a4 Rf1 33.
f5 Rcd1 34. Rc6 Rh1+ 35. Kg3 Rd3+ 36. Kf4 Rhxh3 37. fxg6 Rd4+ 38. Kf5 hxg6#
0-1

[Event "PRO League Pacific 2017"]
[Site "masterchessopen.com chess.com INT"]
[Date "2017.02.01"]
[Round "4"]
[White "Haessler,C"]
[Black "Swiercz,D"]
[Result "0-1"]
[WhiteElo "2139"]
[BlackElo "2647"]

1. c4 Nf6 2. g3 g6 3. b3 Bg7 4. Bb2 O-O 5. Bg2 d6 6. d4 e5 7. dxe5 Nfd7 8. Nf3
dxe5 9. e4 Nc6 10. O-O Nc5 11. Ba3 Nxe4 12. Bxf8 Qxf8 13. Qe2 Nc5 14. Nc3 Bf5
15. Rad1 e4 16. Nh4 Bxc3 17. Nxf5 gxf5 18. Rd5 Bg7 19. Qh5 Nd4 20. Rd1 Nce6
21. Bh3 f4 22. Bxe6 Nxe6 23. Qf5 e3 24. gxf4 e2 25. Re1 Nd4 26. Qg4 f5 27. Qg2
Qf6 28. Rd7 Qg6 29. Kh1 Qxg2+ 30. Kxg2 Re8 31. Kh3 Nf3 {#R} 0-1

[Event "13th Moscow Open A 2017"]
[Site "masterchessopen.com Moscow RUS"]
[Date "2017.02.04"]
[Round "8.4"]
[White "Khismatullin,D"]
[Black "Sviridov,Va"]
[Result "1-0"]
[WhiteElo "2639"]
[BlackElo "2515"]

1. Nf3 Nf6 2. c4 g6 3. Nc3 d5 4. cxd5 Nxd5 5. Qb3 Nb6 6. d4 Bg7 7. e4 O-O 8.
Be3 Bg4 9. Rd1 Nc6 10. d5 Ne5 11. Be2 Bxf3 12. gxf3 Qc8 13. h4 c6 14. f4 Ned7
15. d6 exd6 16. Rxd6 Bxc3+ 17. Qxc3 Qe8 18. Qd4 Rd8 19. h5 c5 20. Qd3 Nc8 21.
Rd5 Ncb6 22. hxg6 Nxd5 23. Qxd5 hxg6 24. Qg5 Kg7 25. Qh6+ Kf6 26. e5+ Ke7 27.
Bb5 {#r} 1-0

[Event "13th Moscow Open A 2017"]
[Site "masterchessopen.com Moscow RUS"]
[Date "2017.02.04"]
[Round "8.8"]
[White "Ivanov,Ol UKR"]
[Black "Kokarev,Dm"]
[Result "0-1"]
[WhiteElo "2482"]
[BlackElo "2651"]

1. Nf3 Nf6 2. c4 g6 3. g3 Bg7 4. Bg2 O-O 5. O-O d5 6. cxd5 Nxd5 7. Nc3 Nc6 8.
Nxd5 Qxd5 9. d3 Qb5 10. Rb1 a5 11. b3 a4 12. Bb2 e5 13. bxa4 Qxa4 14. Qxa4
Rxa4 15. a3 Nd4 16. e3 Nxf3+ 17. Bxf3 Rd8 18. Rfc1 c6 19. Bd1 Ra7 20. Bc2 Bg4
21. Kf1 b5 22. Bd1 Bf5 23. e4 Bh3+ 24. Ke2 Rad7 25. Rxc6 Rxd3 26. Ke1 Bg2 27.
Bc2 Rd2 28. Bc1 Rxc2 29. Rxc2 Bxe4 30. Rcb2 Bxb1 31. Rxb1 Rb8 32. Kd1 Bf8 33.
Kc2 f5 34. Rb3 Kf7 35. Rc3 Bd6 36. Rc6 Ke6 37. Ra6 Rc8+ 38. Kb2 Kd5 39. Be3 f4
40. Bd2 g5 41. h4 gxh4 42. gxh4 Rg8 43. Rb6 Rg2 44. Be1 Bc5 45. Rxb5 Kc4 46.
a4 e4 47. Kc1 Rg1 {#R} 0-1

[Event "25th Fajr Open 2017"]
[Site "masterchessopen.com Sareyn IRI"]
[Date "2017.02.02"]
[Round "8.1"]
[White "Ghaem Maghami,E"]
[Black "Mosadeghpour,Masoud"]
[Result "1-0"]
[WhiteElo "2574"]
[BlackElo "2478"]

1. c4 Nf6 2. Nc3 d5 3. cxd5 Nxd5 4. g3 g6 5. Bg2 Nb6 6. d3 Bg7 7. Be3 Nc6 8.
Nf3 O-O 9. Qd2 e5 10. h4 Bg4 11. Nh2 Be6 12. h5 Nd4 13. hxg6 fxg6 14. Bxb7 Rb8
15. Be4 Nd5 16. Nxd5 Bxd5 17. O-O Bxe4 18. dxe4 c5 19. Rac1 Qb6 20. b3 Rfd8
21. Bxd4 Rxd4 22. Qc2 c4 23. Nf3 cxb3 24. axb3 Rb4 25. Rfd1 Rxb3 26. Rd7 a5
27. Qc4+ Kh8 28. Qf7 Qf6 29. Rcc7 Qxf7 30. Rxf7 Rg8 31. Ng5 Rb6 32. Rfe7 h6
33. Ne6 {#r} 1-0

[Event "Turkish Cup 2017"]
[Site "masterchessopen.com Antalya TUR"]
[Date "2017.02.03"]
[Round "10.3"]
[White "Haznedaroglu,K"]
[Black "Karagollu,A"]
[Result "1-0"]
[WhiteElo "2501"]
[BlackElo "2093"]

1. c4 Nf6 2. Nc3 g6 3. g3 Bg7 4. Bg2 O-O 5. d3 Nc6 6. Rb1 a5 7. e3 e5 8. Nge2
d6 9. O-O Be6 10. Nd5 Qd7 11. Nec3 Nd8 12. b3 Ra6 13. Ba3 Ne8 14. c5 c6 15.
Nb6 Qc7 16. Nca4 d5 17. e4 d4 18. f4 f5 19. exf5 Rxf5 20. fxe5 Bxe5 21. Qe2
Rxf1+ 22. Rxf1 Ng7 23. Nb2 Nf7 24. N2c4 Bxc4 25. Nxc4 Nf5 26. Bh3 Ra8 27. Bxf5
gxf5 28. Rxf5 Bg7 29. Qe6 {#r} 1-0

[Event "PRO League Atlantic 2017"]
[Site "masterchessopen.com chess.com INT"]
[Date "2017.02.01"]
[Round "4"]
[White "Fishbein,A"]
[Black "Szabo,G ROM"]
[Result "0-1"]
[WhiteElo "2481"]
[BlackElo "2549"]

1. Nf3 d5 2. g3 g6 3. Bg2 Bg7 4. O-O Nf6 5. c4 O-O 6. cxd5 Nxd5 7. Nc3 Nb6 8.
d3 Nc6 9. a4 a5 10. Nb5 e5 11. Bg5 f6 12. Be3 Nd5 13. Bc5 Rf7 14. e4 Ndb4 15.
d4 exd4 16. Qb3 d3 17. e5 fxe5 18. h4 h6 19. h5 gxh5 20. Nd2 Ra6 21. Be4 Nd4
22. Nxd4 exd4 23. Bh7+ Kxh7 24. Qxf7 Rg6 25. Bxb4 axb4 26. Rae1 Qd6 27. Ne4
Qd7 28. Qf3 Qh3 29. Qxd3 h4 30. Qf3 Bf5 31. Qg2 Qg4 32. f3 Qh5 33. g4 Bxg4 34.
fxg4 Rxg4 35. Re2 h3 36. Qxg4 Qxg4+ 37. Kf2 d3 38. Re3 Bd4 39. Nf6+ Bxf6 40.
Rxd3 Qg2+ 41. Ke1 Bh4+ 42. Kd1 Qxf1+ 43. Kc2 Qxd3+ 44. Kxd3 h2 {#R} 0-1

[Event "37th TCh-IND 2017"]
[Site "masterchessopen.com Bhopal IND"]
[Date "2017.02.03"]
[Round "3.1"]
[White "Deshmukh,A"]
[Black "Puranik,A"]
[Result "0-1"]
[WhiteElo "2229"]
[BlackElo "2481"]

1. c4 Nf6 2. Nc3 d5 3. cxd5 Nxd5 4. g3 g6 5. Bg2 Nb6 6. h4 h6 7. Nf3 Bg7 8. d3
Nc6 9. Bd2 e5 10. Rc1 Bg4 11. Ne4 Nd7 12. Qa4 Be6 13. h5 g5 14. Rxc6 bxc6 15.
Qxc6 Rb8 16. Bc3 O-O 17. b3 Rb6 18. Qa4 f5 19. Ned2 e4 20. Bxg7 exf3 21. Bxf8
fxg2 22. Rg1 Qxf8 23. Rxg2 Qc5 24. Nc4 Bxc4 25. Qxc4+ Qxc4 26. dxc4 Ra6 27. f4
Rxa2 28. fxg5 hxg5 29. Rf2 Ra5 30. Kd2 Nc5 {#R} 0-1

[Event "TCh-HUN 2016-17"]
[Site "masterchessopen.com Hungary HUN"]
[Date "2017.01.29"]
[Round "5.10"]
[White "Szalai,K"]
[Black "Lorand,N"]
[Result "1-0"]
[WhiteElo "2382"]
[BlackElo "2340"]

1. c4 Nf6 2. Nc3 g6 3. e4 e5 4. g3 Bg7 5. Bg2 d6 6. Nge2 O-O 7. O-O c6 8. h3
Be6 9. d3 Qd7 10. Kh2 d5 11. exd5 cxd5 12. d4 exd4 13. Nxd4 dxc4 14. Nxe6 fxe6
15. Qe2 Nd5 16. Nxd5 exd5 17. Rd1 d4 18. Qxc4+ Kh8 19. Be3 Nc6 20. Bxc6 Qxc6
21. Rxd4 Qf3 22. Qd5 b6 23. Qxf3 Rxf3 24. Ra4 Bxb2 25. Rd1 Rf7 26. Bxb6 Kg7
27. Ra6 Be5 28. Be3 Re8 29. Rd5 Bb8 30. Kg2 h6 31. h4 Kh7 32. h5 g5 33. Rc5
Be5 34. Rcc6 Bg7 35. Rxa7 Rxa7 36. Bxa7 Re2 37. Ra6 Kg8 38. Be3 Kf8 39. Kf3
Rc2 40. Ke4 Bb2 41. Rxh6 Bc1 42. Kd3 {#r} 1-0

[Event "Gibraltar Masters 2017"]
[Site "masterchessopen.com Caleta ENG"]
[Date "2017.02.01"]
[Round "9.44"]
[White "Salomon,J"]
[Black "Derakhshani,D"]
[Result "1-0"]
[WhiteElo "2470"]
[BlackElo "2370"]

1. Nf3 Nf6 2. c4 e6 3. g3 b6 4. Bg2 Bb7 5. O-O Be7 6. Nc3 O-O 7. Re1 Ne4 8.
Nxe4 Bxe4 9. d3 Bb7 10. e4 c6 11. d4 d5 12. cxd5 cxd5 13. e5 a5 14. Bf1 Ba6
15. Bxa6 Rxa6 16. Qd3 h6 17. Bd2 Qd7 18. a4 Ra7 19. Rec1 Na6 20. h4 Bb4 21.
Bf4 Be7 22. Nh2 Nb4 23. Qe2 Rc8 24. Rc3 Rac7 25. Qg4 Kh7 26. Qh5 Bf8 27. Ng4
Kh8 28. Nf6 Qd8 29. Bg5 Be7 30. Rf3 Qf8 31. Ng4 Bd8 32. Bxh6 gxh6 33. Nxh6 f5
34. Nxf5+ Rh7 35. Nh6 Qe7 36. g4 Bc7 37. Rc1 Na6 38. g5 Re8 39. Rf6 Bd8 40. g6
Rg8 41. Nxg8 {#r} 1-0

[Event "Gibraltar Masters 2017"]
[Site "masterchessopen.com Caleta ENG"]
[Date "2017.02.01"]
[Round "9.4"]
[White "Adams,Mi"]
[Black "Sethuraman,S"]
[Result "1-0"]
[WhiteElo "2751"]
[BlackElo "2637"]

1. c4 e5 2. g3 c6 3. d4 e4 4. Nc3 d5 5. Bg2 Nf6 6. cxd5 cxd5 7. Bg5 Nbd7 8.
Qb3 Bd6 9. Nh3 h6 10. Bf4 Nb6 11. Be5 Ng4 12. Bxg7 Rg8 13. Be5 Nxe5 14. dxe5
Bxe5 15. Rd1 Be6 16. Nxe4 Qc8 17. Nf4 dxe4 18. Qb5+ Nd7 19. Rxd7 Qxd7 20. Qxe5
O-O-O 21. O-O Qc7 22. Qxe4 Kb8 23. Nxe6 fxe6 24. Qxe6 h5 25. Qf6 Rdf8 26. Qh4
Rf5 27. Bf3 Rd8 28. Kg2 Rc5 29. b4 Rc4 30. Qxh5 Rxb4 31. Qg5 Qd6 32. Rc1 a6
33. h4 Rb5 34. Qg7 Rd7 35. Qh8+ Rd8 36. Qc3 a5 37. h5 a4 38. h6 Qxh6 39. Qc7+
Ka7 40. Rc4 Rd6 41. Rxa4+ Ra6 42. Rh4 Qf8 43. a4 Rb4 44. Rf4 {#r} 1-0